Návrh opatrení na zefektívnenie riadenia zásob v sklade hotových výrobkov prostredníctvom vybraných nástrojov logistiky v spoločnosti IKEA Industry Slovakia s. r. o., odštepný závod Trnava
Salvato in:
| Autore principale: | |
|---|---|
| Altri autori: | |
| Natura: | Manoscritto Libro |
| Lingua: | slovacco |
| Pubblicazione: |
2015
|
| Soggetti: | |
| Accesso online: | http://is.stuba.sk/zp/portal_zp.pl?podrobnosti=102668 |
| Tags: |
Nessun Tag, puoi essere il primo ad aggiungerne!!
|
MARC
| LEADER | 00000ntm a22000003a 4500 | ||
|---|---|---|---|
| 001 | stuzp50113 | ||
| 003 | SK-STU | ||
| 005 | 20160719153446.9 | ||
| 007 | ta | ||
| 008 | 150427s2015----xo-----f-mn---000-0-slo-d | ||
| 040 | |a STU |b slo | ||
| 041 | 0 | |a slo | |
| 100 | 1 | |a Neupauerová, Lucia |u 064000 |4 aut |U MTF Materiálovotechnologická fakulta |T MTF Ústav priemyselného inžinierstva a manažmentu |X 70036 |U M4000 |Y 84 |7 70036 | |
| 242 | 0 | 1 | |a Draft of measures for increasing effectiveness of the inventory management in the finished products stock through chosen logistics tools in the company IKEA Industry Slovakia, s. r. o., branch of an enterprise Trnava |y eng |
| 245 | 1 | 0 | |a Návrh opatrení na zefektívnenie riadenia zásob v sklade hotových výrobkov prostredníctvom vybraných nástrojov logistiky v spoločnosti IKEA Industry Slovakia s. r. o., odštepný závod Trnava |
| 260 | |c 2015 | ||
| 650 | 4 | |a ABC analýza |2 slo | |
| 650 | 4 | |a riadenie zásob |2 slo | |
| 650 | 4 | |a skladové hospodárstvo |2 slo | |
| 650 | 4 | |a XYZ analýza |2 slo | |
| 650 | 4 | |a poistná zásoba |2 slo | |
| 650 | 4 | |a ABC analysis |2 eng | |
| 650 | 4 | |a stock holding |2 eng | |
| 650 | 4 | |a inventory management |2 eng | |
| 650 | 4 | |a XYZ analysis |2 eng | |
| 650 | 4 | |a safety stock |2 eng | |
| 700 | 1 | |a Makyšová, Helena |4 ths |X 2772 |7 A000002772 | |
| 856 | 4 | |u http://is.stuba.sk/zp/portal_zp.pl?podrobnosti=102668 | |
| 996 | |c M* BP-7280 |l MMSKP |s P |a 0 |w stuzp50113_0001 | ||
| SQL | |a stuzp50113 |b DBP |c SLO |d Návrh opatrení na zefektívnenie riadenia zásob v sklade hotových výrobkov prostredníctvom vybraných nástrojov logistiky v spoločnosti IKEA Industry Slovakia s. r. o., odštepný závod Trnava |e 70036 |f Neupauerová, Lucia |g 064000 |h 2772 |i Makyšová, Helena |j 20150625 |k 175 |l 06 |m http://is.stuba.sk/zp/portal_zp.pl?podrobnosti=102668 |n B-PMA |o 5.2.52. priemyselné inžinierstvo | ||